[Event "World Rapid 2019"]
[Site "Moscow RUS"]
[Date "2019.12.26"]
[Round "4.50"]
[White "Cheparinov, Ivan"]
[Black "Sakaev, Konstantin"]
[Result "1/2-1/2"]
[WhiteTitle "GM"]
[BlackTitle "GM"]
[WhiteElo "2687"]
[BlackElo "2596"]
[WhiteFideId "2905540"]
[BlackFideId "4104226"]
[EventDate "2019.12.26"]
[EventType "rapid"]

1. d4 d5 2. c4 c6 3. Nf3 Nf6 4. Nc3 e6 5. Bg5 h6 6. Bh4 dxc4 7. e4 g5 8. Bg3 b5
9. Be2 Bb7 10. O-O Nbd7 11. Ne5 Bg7 12. Nxd7 Nxd7 13. Bd6 a6 14. a4 b4 15. d5
bxc3 16. dxe6 Ne5 17. Bh5 Bc8 18. exf7+ Nxf7 19. e5 Be6 20. bxc3 Bf8 21. Re1 Qd7
22. Rb1 Be7 23. Qc2 Kf8 24. Rbd1 Re8 25. h3 Rg8 26. Bb4 Qc8 27. Bd6 Rg7 28. Re3
Kg8 29. Rd4 Bd8 30. Bc5 Bc7 31. Qe2 Qb8 32. Bd6 c5 33. Bxc5 Qc8 34. Rd1 Bd8 35.
Bd6 Bb6 36. Rf3 Bd8 1/2-1/2

[Event "World Rapid 2019"]
[Site "Moscow RUS"]
[Date "2019.12.26"]
[Round "4.51"]
[White "Andriasian, Zaven"]
[Black "Reshetnikov, Alexey"]
[Result "1-0"]
[WhiteTitle "GM"]
[BlackTitle "IM"]
[WhiteElo "2611"]
[BlackElo "2492"]
[WhiteFideId "13302000"]
[BlackFideId "4162080"]
[EventDate "2019.12.26"]
[EventType "rapid"]

1. e4 d6 2. d4 Nf6 3. Nc3 e5 4. Nf3 Nbd7 5. Bc4 Be7 6. O-O O-O 7. Re1 c6 8. a4
exd4 9. Nxd4 d5 10. exd5 Nb6 11. Ba2 Nbxd5 12. Nxd5 Nxd5 13. Bxd5 cxd5 14. a5
Bf6 15. Bf4 Re8 16. Qd2 Rxe1+ 17. Rxe1 Bxd4 18. Qxd4 Bf5 19. Qb4 b6 20. axb6
Qxb6 21. Qd2 d4 22. Be5 Qxb2 23. Bxd4 Qa2 24. Qg5 Bg6 25. h4 f6 26. Qb5 Qf7 27.
c3 Re8 28. Ra1 Re7 29. Qb8+ Qe8 30. Qxe8+ Bxe8 31. Bxa7 Re4 32. Bd4 Rxh4 33. f3
Rh5 34. Ra8 Kf7 35. Ra7+ Kg6 36. Re7 Bb5 1-0

[Event "World Rapid 2019"]
[Site "Moscow RUS"]
[Date "2019.12.26"]
[Round "4.52"]
[White "Vitiugov, Nikita"]
[Black "Carlsson, Pontus"]
[Result "1-0"]
[WhiteTitle "GM"]
[BlackTitle "GM"]
[WhiteElo "2747"]
[BlackElo "2456"]
[WhiteFideId "4152956"]
[BlackFideId "1705814"]
[EventDate "2019.12.26"]
[EventType "rapid"]

1. c4 e5 2. Nc3 Bb4 3. Nd5 Bc5 4. e3 Nf6 5. b4 Be7 6. Nxe7 Qxe7 7. Bb2 O-O 8.
Nf3 d6 9. Be2 Bg4 10. h3 Bh5 11. d3 Nbd7 12. O-O d5 13. cxd5 Nxd5 14. a3 c6 15.
Nd2 Bg6 16. Nc4 Rad8 17. Qb3 Kh8 18. Na5 N7b6 19. b5 cxb5 20. Qxb5 f5 21. Nc4
Be8 22. Qa5 Nxc4 23. dxc4 b6 24. Qe1 Nf6 25. Qc3 e4 26. a4 Qc7 27. a5 Bh5 28.
Bxh5 Nxh5 29. Rfd1 f4 30. Rxd8 Rxd8 31. Qe5 Qxe5 32. Bxe5 fxe3 33. fxe3 Kg8 34.
Bd4 Rc8 35. axb6 axb6 36. Ra4 Ng3 37. Bxb6 Rc6 38. Bd4 Nf5 39. Kf2 h5 40. c5 h4
41. Ra7 g6 42. Ke2 Kf8 43. Kd2 Re6 44. Kc3 Ne7 45. Kc4 g5 46. Kb5 Nc6 47. Rd7
Ke8 48. Rd5 Rg6 49. Be5 Ne7 50. Rd6 g4 51. Rxg6 Nxg6 52. Bf6 g3 53. c6 Kf7 54.
Bxh4 Nxh4 55. c7 Nxg2 56. c8=Q Nxe3 57. Qc7+ 1-0

[Event "World Rapid 2019"]
[Site "Moscow RUS"]
[Date "2019.12.26"]
[Round "4.53"]
[White "Aravindh, Chithambaram VR."]
[Black "Alonso Rosell, Alvar"]
[Result "1-0"]
[WhiteTitle "GM"]
[BlackTitle "GM"]
[WhiteElo "2605"]
[BlackElo "2548"]
[WhiteFideId "5072786"]
[BlackFideId "2270544"]
[EventDate "2019.12.26"]
[EventType "rapid"]

1. e4 c5 2. Nc3 a6 3. Nf3 d6 4. d4 cxd4 5. Nxd4 Nf6 6. h3 e5 7. Nb3 Be7 8. g4 h6
9. Bg2 Be6 10. f4 exf4 11. Bxf4 Nc6 12. Nd5 Bxd5 13. exd5 Ne5 14. Nd4 Nxd5 15.
O-O Nxf4 16. Rxf4 Qb6 17. Kh1 g6 18. c3 h5 19. Qa4+ Kf8 20. Raf1 Kg8 21. Rxf7
Nxf7 22. Qd7 Rh7 23. Qxe7 Qd8 24. Qe6 Qg5 25. Nf3 Qb5 26. Nd4 Qe5 27. Bd5 Qxe6
28. Nxe6 Kh8 29. g5 Ne5 30. Nd4 Re7 31. Rf6 Rb8 32. Ne6 Rf7 33. Kg2 Rxf6 34.
gxf6 Nd7 35. f7 Nf8 36. Nc7 g5 37. Ne8 Kh7 38. Kf3 Kg6 39. Ke4 b5 40. Nxd6 Rd8
41. Ke5 g4 42. h4 g3 43. b3 Rd7 44. c4 bxc4 45. bxc4 Re7+ 46. Kf4 Re2 47. Kxg3
Rxa2 48. c5 Ra3+ 49. Kf4 Rc3 50. Ne4 Rc2 51. Ke5 a5 52. c6 a4 53. Kd6 Kg7 54.
Nc5 Ng6 55. c7 Ne7 56. Kxe7 Rxc5 57. f8=Q+ 1-0

[Event "World Rapid 2019"]
[Site "Moscow RUS"]
[Date "2019.12.26"]
[Round "4.54"]
[White "Najer, Evgeniy"]
[Black "Petrosyan, Manuel"]
[Result "1/2-1/2"]
[WhiteTitle "GM"]
[BlackTitle "GM"]
[WhiteElo "2661"]
[BlackElo "2613"]
[WhiteFideId "4118987"]
[BlackFideId "13300857"]
[EventDate "2019.12.26"]
[EventType "rapid"]

1. e4 e5 2. Nf3 Nc6 3. d4 exd4 4. Nxd4 Nf6 5. Nxc6 bxc6 6. Bd3 d5 7. exd5 cxd5
8. O-O Be7 9. c4 O-O 10. cxd5 Nxd5 11. Qf3 Be6 12. Rd1 c6 13. h3 Qb6 14. Nd2 Nb4
15. Bb1 Rad8 16. a3 Qa6 17. Ne4 Rxd1+ 18. Qxd1 Rd8 19. Bd2 Nd3 20. Ng5 Bf5 21.
Ba2 Bg6 22. Qe2 Bc5 23. Be3 Qb6 24. Rd1 Bxe3 25. fxe3 Ne5 26. Rxd8+ Qxd8 27. Nf3
Nxf3+ 28. Qxf3 Qd2 29. Qxc6 Qxe3+ 30. Kh1 Qe1+ 31. Kh2 Qe5+ 32. Kh1 Qe1+ 1/2-1/2

[Event "World Rapid 2019"]
[Site "Moscow RUS"]
[Date "2019.12.26"]
[Round "4.55"]
[White "Kazhgaleyev, Murtas"]
[Black "Sarana, Alexey"]
[Result "0-1"]
[WhiteTitle "GM"]
[BlackTitle "GM"]
[WhiteElo "2569"]
[BlackElo "2663"]
[WhiteFideId "13700316"]
[BlackFideId "24133795"]
[EventDate "2019.12.26"]
[EventType "rapid"]

1. d4 Nf6 2. c4 e6 3. Nf3 d5 4. Nc3 dxc4 5. Qa4+ c6 6. Qxc4 b5 7. Qd3 a6 8. e4
c5 9. dxc5 Bxc5 10. Qxd8+ Kxd8 11. Bd3 Bb7 12. e5 Nd5 13. Ne4 Be7 14. a3 Nc6 15.
O-O h6 16. b4 Kd7 17. Bb2 Rhd8 18. Rfd1 Ke8 19. Bf1 Nb6 20. Rac1 Rxd1 21. Rxd1
Nxb4 22. Nd6+ Bxd6 23. exd6 Bxf3 24. gxf3 N4d5 25. Bxg7 h5 26. Rc1 Kd7 27. Be5
Rg8+ 28. Kh1 Rc8 29. Ra1 Rc2 30. Kg2 Ne3+ 31. Kg3 Nxf1+ 32. Rxf1 Nc4 33. f4 Nxa3
34. f5 Nc4 35. fxe6+ fxe6 36. f4 b4 37. Kh4 Rxh2+ 38. Kg5 b3 39. Kf6 b2 40. f5
Nxe5 41. fxe6+ Kxd6 42. Rd1+ Kc5 43. Kxe5 Re2+ 44. Kf6 a5 45. e7 a4 46. Rh1 a3
47. Rxh5+ 0-1

[Event "World Rapid 2019"]
[Site "Moscow RUS"]
[Date "2019.12.26"]
[Round "4.56"]
[White "Grigoriants, Sergey"]
[Black "Murzin, Volodar"]
[Result "1/2-1/2"]
[WhiteTitle "GM"]
[BlackTitle "IM"]
[WhiteElo "2542"]
[BlackElo "2442"]
[WhiteFideId "4130804"]
[BlackFideId "44155573"]
[EventDate "2019.12.26"]
[EventType "rapid"]

1. e4 c6 2. d4 d5 3. e5 Bf5 4. Nf3 e6 5. Be2 Ne7 6. O-O Nd7 7. Nbd2 h6 8. Nb3
Nc8 9. a4 Be7 10. a5 a6 11. Be3 O-O 12. Ne1 c5 13. Nxc5 Bxc5 14. dxc5 Nxe5 15.
b4 Ne7 16. c3 N7c6 17. Nc2 Bxc2 18. Qxc2 Qf6 19. Rad1 Rfd8 20. f4 Ng6 21. f5
Nge5 22. fxe6 1/2-1/2

[Event "World Rapid 2019"]
[Site "Moscow RUS"]
[Date "2019.12.26"]
[Round "4.57"]
[White "Perunovic, Milos"]
[Black "Nihal, Sarin"]
[Result "0-1"]
[WhiteTitle "GM"]
[BlackTitle "GM"]
[WhiteElo "2589"]
[BlackElo "2612"]
[WhiteFideId "921629"]
[BlackFideId "25092340"]
[EventDate "2019.12.26"]
[EventType "rapid"]

1. e4 e5 2. Nf3 Nc6 3. d4 exd4 4. Nxd4 Nf6 5. Nxc6 bxc6 6. e5 Qe7 7. Qe2 Nd5 8.
h4 f6 9. c4 Ba6 10. Rh3 fxe5 11. Bg5 Nf6 12. Re3 O-O-O 13. Rxe5 Qb4+ 14. Nc3 Bd6
15. a3 Qb3 16. Ra5 Rhe8 17. Be3 Rxe3 18. fxe3 Bg3+ 19. Kd2 Qxb2+ 20. Kd3 Qxa1
21. Rxa6 Be5 22. Nd1 d5 23. Qc2 dxc4+ 24. Ke2 Ne4 0-1

[Event "World Rapid 2019"]
[Site "Moscow RUS"]
[Date "2019.12.26"]
[Round "4.58"]
[White "Yanchenko, Roman"]
[Black "Sanal, Vahap"]
[Result "1-0"]
[WhiteTitle "FM"]
[BlackTitle "GM"]
[WhiteElo "2463"]
[BlackElo "2549"]
[WhiteFideId "4137329"]
[BlackFideId "6300545"]
[EventDate "2019.12.26"]
[EventType "rapid"]

1. d4 Nf6 2. c4 e6 3. Nf3 b6 4. g3 Bb7 5. Bg2 Be7 6. O-O O-O 7. Nc3 Ne4 8. Nxe4
Bxe4 9. b3 Bf6 10. Bb2 c5 11. Qd2 Nc6 12. dxc5 Bxb2 13. Qxb2 bxc5 14. Rfd1 Qc7
15. Qd2 Rfd8 16. Qd6 Qb6 17. Qf4 f5 18. Rd6 Qb7 19. Rad1 a5 20. Qe3 a4 21. Qxc5
axb3 22. axb3 Qxb3 23. Ng5 Bxg2 24. Kxg2 Qb7 25. Qb5 Qc8 26. Nxe6 Re8 27. Rxd7
Rxe6 28. Qd5 Qe8 29. Rd6 Kf7 30. Qxf5+ Rf6 31. Rxf6+ gxf6 32. Rd6 Ne5 33. Qxh7+
Kf8 34. Qh8+ Kf7 35. Qxf6+ Kg8 36. Qg5+ Kf8 37. Qh6+ Kg8 38. Re6 1-0

[Event "World Rapid 2019"]
[Site "Moscow RUS"]
[Date "2019.12.26"]
[Round "4.59"]
[White "Xu, Xiangyu"]
[Black "Moiseenko, Vadim"]
[Result "1-0"]
[WhiteTitle "GM"]
[BlackTitle "GM"]
[WhiteElo "2582"]
[BlackElo "2526"]
[WhiteFideId "8608288"]
[BlackFideId "4123700"]
[EventDate "2019.12.26"]
[EventType "rapid"]

1. e4 e5 2. d4 exd4 3. Qxd4 Nc6 4. Qc4 Bb4+ 5. Nc3 d6 6. Bd2 Nge7 7. O-O-O Be6
8. Qe2 O-O 9. a3 Ba5 10. f4 f6 11. Nf3 Kh8 12. f5 Bf7 13. g4 a6 14. Qe1 b5 15.
g5 Bh5 16. Qh4 Qe8 17. Be2 Kg8 18. Rhg1 Bxf3 19. gxf6 Rxf6 20. Qxf6 Ng6 21. Qg5
Bxc3 22. Bxc3 Bxe2 23. fxg6 hxg6 24. Qd5+ Kh7 25. Rde1 Bh5 26. Rg5 Ne7 27. Qd3
Qf7 28. e5 Nf5 29. e6 Qf8 30. Rf1 1-0

[Event "World Rapid 2019"]
[Site "Moscow RUS"]
[Date "2019.12.26"]
[Round "4.60"]
[White "Quparadze, Giga"]
[Black "Tsvetkov, Andrey"]
[Result "0-1"]
[WhiteTitle "GM"]
[BlackTitle "FM"]
[WhiteElo "2462"]
[BlackElo "2350"]
[WhiteFideId "13602250"]
[BlackFideId "34139360"]
[EventDate "2019.12.26"]
[EventType "rapid"]

1. e4 c5 2. Nf3 d6 3. Nc3 Nf6 4. d4 cxd4 5. Nxd4 a6 6. g3 e5 7. Nb3 b5 8. Bg2
Bb7 9. O-O Nbd7 10. a4 b4 11. Nd5 Nxd5 12. exd5 a5 13. Bd2 Be7 14. c3 bxc3 15.
Bxc3 Qb6 16. Nd2 Ba6 17. Re1 Nc5 18. Bf1 Bxf1 19. Rxf1 O-O 20. Nc4 Qc7 21. Rc1
Rfc8 22. b4 Nxa4 23. Bd2 axb4 24. Nxe5 Nc3 25. Bxc3 dxe5 26. Bb2 Qd6 27. Qb3
Rxc1 28. Rxc1 Rd8 29. Rd1 g6 30. h4 h5 31. Qc4 Bf6 32. Kg2 Kg7 33. Rd3 Rd7 34.
Qe4 Kg8 35. Rf3 Bg7 36. Rd3 f5 37. Qe2 e4 38. Rd1 Bc3 39. Bc1 Be5 40. Qb5 Rd8
41. Qc4 Rb8 42. Qb3 Kh7 43. Be3 Rc8 44. Bd2 Rb8 45. Be3 f4 46. gxf4 Bxf4 47. Rd4
Bxe3 48. fxe3 Qe5 49. Qc4 Rf8 50. Qxb4 Qf5 51. Qe7+ Rf7 52. d6 Rxe7 53. dxe7 Qe6 0-1

[Event "World Rapid 2019"]
[Site "Moscow RUS"]
[Date "2019.12.26"]
[Round "4.61"]
[White "Yagupov, Igor"]
[Black "Ganguly, Surya Shekhar"]
[Result "0-1"]
[WhiteTitle "GM"]
[BlackTitle "GM"]
[WhiteElo "2357"]
[BlackElo "2633"]
[WhiteFideId "4113632"]
[BlackFideId "5002150"]
[EventDate "2019.12.26"]
[EventType "rapid"]

1. e4 c5 2. Nf3 d6 3. d4 cxd4 4. Nxd4 Nf6 5. Nc3 a6 6. f3 e5 7. Nb3 Be6 8. Be3
Be7 9. Qd2 O-O 10. O-O-O Nbd7 11. g4 b5 12. g5 Nh5 13. Nd5 Bxd5 14. exd5 f6 15.
gxf6 Bxf6 16. Na5 Qe8 17. Nc6 Nf4 18. Kb1 Qh5 19. Bxf4 exf4 20. Bd3 Nb6 21. c3
Kh8 22. Be4 Nc4 23. Qe2 Rfe8 24. a4 Ne3 25. Rd2 bxa4 26. Ka2 Nxd5 27. Qc4 Ne3
28. Qxa4 Qc5 29. Qb4 Nc4 30. Qxc5 dxc5 31. Rd7 Rac8 32. Ra7 Nd6 33. Bd5 Nb5 34.
Rxa6 Nc7 35. Na7 Nxa6 36. Nxc8 Rxc8 37. Bb7 Rb8 38. Bxa6 Ra8 39. Re1 Rxa6+ 40.
Kb3 Kg8 41. Kc4 Ra2 42. Re2 Kf7 0-1

[Event "World Rapid 2019"]
[Site "Moscow RUS"]
[Date "2019.12.26"]
[Round "4.62"]
[White "Kazakouski, Valery"]
[Black "Paravyan, David"]
[Result "0-1"]
[WhiteTitle "IM"]
[BlackTitle "GM"]
[WhiteElo "2485"]
[BlackElo "2629"]
[WhiteFideId "13507443"]
[BlackFideId "4194985"]
[EventDate "2019.12.26"]
[EventType "rapid"]

1. d4 Nf6 2. Nf3 g6 3. c4 Bg7 4. g3 c6 5. Bg2 d5 6. Nbd2 O-O 7. O-O Bf5 8. b3
Ne4 9. Bb2 Nxd2 10. Nxd2 Na6 11. Qc1 Rc8 12. Qc3 Qd7 13. Rad1 c5 14. Bxd5 cxd4
15. Qa5 e5 16. Nf3 Rc5 17. Qd2 Re8 18. Nh4 Bh3 19. Bg2 Bxg2 20. Nxg2 b5 21. Ba3
Rcc8 22. Qa5 Nc7 23. Rc1 bxc4 24. bxc4 Ne6 25. Rfd1 Ng5 26. f3 h5 27. h4 Nh7 28.
Qb5 Qh3 29. Kf2 e4 30. Bd6 a6 31. Qb7 exf3 32. exf3 Bh6 33. Bf4 Bxf4 34. Nxf4
Qh2+ 35. Ng2 Rb8 0-1

[Event "World Rapid 2019"]
[Site "Moscow RUS"]
[Date "2019.12.26"]
[Round "4.63"]
[White "Gurvich, Vitaly"]
[Black "Kobalia, Mikhail"]
[Result "1/2-1/2"]
[WhiteTitle "FM"]
[BlackTitle "GM"]
[WhiteElo "2230"]
[BlackElo "2609"]
[WhiteFideId "24164852"]
[BlackFideId "4119150"]
[EventDate "2019.12.26"]
[EventType "rapid"]

1. d4 d5 2. c4 c6 3. Nf3 Nf6 4. g3 Bg4 5. Bg2 e6 6. O-O Be7 7. Nc3 O-O 8. Qb3
Qb6 9. c5 Qc7 10. Bf4 Qc8 11. Ne5 Bf5 12. f3 h6 13. g4 Bh7 14. e4 Nbd7 15. exd5
Nxd5 16. Nxd5 exd5 17. Rae1 Bf6 18. Qc3 Re8 19. Bg3 b6 20. cxb6 Bxe5 21. dxe5
axb6 22. f4 Rxa2 23. f5 Ra4 24. h3 Rc4 25. Qa3 Nc5 26. Rc1 Rxc1 27. Rxc1 Ne4 28.
Bxe4 dxe4 29. Qd6 Rd8 30. Qxc6 Bxf5 31. Qxc8 Bxc8 32. Bf2 Be6 33. Bxb6 Rd3 34.
Rc3 Rd1+ 35. Kf2 Rd2+ 36. Ke3 Rxb2 37. Bd4 Kh7 38. Kxe4 Kg6 39. Kf4 Rb4 40. Rd3
Bc4 41. Rd2 Bd5 42. Kg3 Rb3+ 43. Kh2 Be6 44. Bf2 h5 45. gxh5+ Kxh5 46. Bg3 Kg5
47. Rf2 Rb1 48. Bf4+ Kh5 49. Rd2 Rb3 50. Bg3 Kg5 51. Kg2 Kf5 52. Rf2+ Ke4 53.
Rf4+ Kd5 54. Rf2 Rd3 55. Rf3 Bxh3+ 56. Kf2 Rd2+ 57. Ke3 Rg2 58. Bf2 Be6 59. Rg3
Rh2 60. Rxg7 Rh3+ 61. Bg3 Rh1 62. Rg8 1/2-1/2

[Event "World Rapid 2019"]
[Site "Moscow RUS"]
[Date "2019.12.26"]
[Round "4.64"]
[White "Bosiocic, Marin"]
[Black "Tengis, Tsog-Ochir"]
[Result "1-0"]
[WhiteTitle "GM"]
[BlackTitle "FM"]
[WhiteElo "2623"]
[BlackElo "2190"]
[WhiteFideId "14507927"]
[BlackFideId "4902718"]
[EventDate "2019.12.26"]
[EventType "rapid"]

1. d4 Nf6 2. Nf3 g6 3. g3 Bg7 4. Bg2 O-O 5. O-O d5 6. Na3 c6 7. c4 Bf5 8. Qb3
Qb6 9. Rd1 Qxb3 10. axb3 Nbd7 11. Bf4 a6 12. Rac1 Rac8 13. Ne5 Rfd8 14. Nxd7
Bxd7 15. Be5 Be6 16. f3 Bh6 17. Rc3 b5 18. cxb5 cxb5 19. Bxf6 exf6 20. b4 Bf8
21. Rc5 Bxc5 22. bxc5 b4 23. Nc2 a5 24. Kf2 f5 25. Ke3 Bd7 26. Ra1 Ra8 27. Kd2
Bc6 28. f4 f6 29. Bf3 Kf7 30. g4 fxg4 31. Bxg4 Rdb8 32. Bf3 a4 33. h4 Ke6 34.
Bg4+ f5 35. Bf3 a3 36. b3 Ba4 37. bxa4 b3 38. Rxa3 b2 39. Re3+ Kd7 40. Na3 b1=Q
41. Nxb1 Rxb1 42. Re5 Rxa4 43. Rxd5+ Kc7 44. Rd6 Rb3 45. Ke1 Rbb4 46. d5 Rxf4
47. Rf6 Rac4 48. Rf7+ Kd8 49. c6 Rfd4 50. Kf2 h6 51. Rd7+ Kc8 52. Rg7 g5 53.
hxg5 hxg5 54. Rxg5 f4 55. Rg7 Rc1 56. Bg4+ Kb8 57. Rb7+ Ka8 58. Bf3 Rc3 59. Rd7
Kb8 60. d6 Kc8 61. Bg4 f3 62. Bxf3 Rc5 63. Ke3 Rcc4 64. Bg2 Rd1 65. Kf2 Rc3 66.
Be4 Rc5 67. Ke3 Rc3+ 68. Kf4 Rc5 69. Bf3 Rd4+ 70. Ke3 Rcc4 71. Kf2 Rc1 72. Bg2
Rc3 73. Bf3 Rc1 74. Kg2 Rc5 75. Kh3 Rc3 76. Kg3 Rc1 77. e3 Rd2 78. Bg4 Rg1+ 79.
Kf3 1-0

[Event "World Rapid 2019"]
[Site "Moscow RUS"]
[Date "2019.12.26"]
[Round "4.66"]
[White "Blohberger, Felix"]
[Black "Guliyev, Namig"]
[Result "1/2-1/2"]
[WhiteTitle "IM"]
[BlackTitle "GM"]
[WhiteElo "2434"]
[BlackElo "2548"]
[WhiteFideId "1632051"]
[BlackFideId "13400363"]
[EventDate "2019.12.26"]
[EventType "rapid"]

1. Nf3 d5 2. g3 Bg4 3. Bg2 Nd7 4. d4 e6 5. h3 Bh5 6. O-O c6 7. c4 Ngf6 8. cxd5
exd5 9. Qb3 Qb6 10. Qe3+ Be7 11. Nh4 Bg6 12. Nc3 Kf8 13. Nxg6+ hxg6 14. Qd3 Re8
15. Rb1 Kg8 16. h4 Nf8 17. b4 Ne6 18. Rd1 a6 19. Bf3 Bd6 20. Kg2 Qc7 21. Bd2 Qd7
22. Rh1 Nc7 23. a4 b5 24. Bg5 Qe6 25. axb5 axb5 26. Bxf6 gxf6 27. e4 dxe4 28.
Qxe4 Nd5 29. Nxd5 cxd5 30. Qxd5 Qxd5 31. Bxd5 Re2 32. Rhe1 Rxe1 33. Rxe1 Kg7 34.
Bc6 Bxb4 35. Rb1 Bd6 36. Rxb5 Rc8 37. Bd5 Rc7 38. Bb3 f5 39. Rb6 Be7 40. Ra6 Rc3
41. Ra7 Kf8 42. Ra8+ Kg7 43. Ra7 Kf8 44. Rb7 Rd3 45. Rb8+ Kg7 46. Rb7 Kf8 47.
Rb8+ Kg7 48. Rb7 Kf6 49. Rb6+ Kg7 50. Rb7 Kf6 1/2-1/2

[Event "World Rapid 2019"]
[Site "Moscow RUS"]
[Date "2019.12.26"]
[Round "4.67"]
[White "Zarnicki, Pablo"]
[Black "Demchenko, Anton"]
[Result "0-1"]
[WhiteTitle "GM"]
[BlackTitle "GM"]
[WhiteElo "2514"]
[BlackElo "2642"]
[WhiteFideId "100137"]
[BlackFideId "4160258"]
[EventDate "2019.12.26"]
[EventType "rapid"]

1. e4 c5 2. Nf3 Nc6 3. Bb5 g6 4. O-O Bg7 5. c3 Nf6 6. Qe2 O-O 7. Rd1 d5 8. e5
Ne8 9. d4 cxd4 10. cxd4 Nc7 11. Bxc6 bxc6 12. h3 Ne6 13. Nc3 f6 14. b3 g5 15.
Be3 Qe8 16. Rac1 Qg6 17. exf6 exf6 18. Na4 Bd7 19. Qd2 Qh5 20. Qb4 Rfb8 21. Qe7
Rb7 22. Ne1 Re8 23. Qd6 f5 24. Nf3 f4 25. Bd2 Bf8 26. Qe5 h6 27. Nh2 Bg7 28. Qd6
Bf8 29. Qe5 Bg7 30. Qd6 Nxd4 31. Nc3 f3 32. Re1 fxg2 33. Nxd5 Ne2+ 34. Rxe2 Qxe2
35. Nf6+ Bxf6 36. Qxf6 Re6 37. Qd4 Qe5 38. Qc4 Qd5 39. Qc2 Qe4 40. Qc5 Qe5 41.
Qc4 Qd5 42. Qc2 Rd6 43. Be3 Bf5 44. Qc3 Bxh3 45. Re1 Re6 46. Rc1 Rd7 47. Re1 Bf5
48. Qb4 c5 49. Qb8+ Kh7 50. Qf8 Ree7 51. Rc1 Bh3 52. Re1 Qf7 53. Qb8 Qf5 54. Qg3
Rf7 55. Rc1 Rd5 56. Re1 h5 57. Bc1 h4 58. Qe3 Re5 59. Qd2 Rxe1+ 60. Qxe1 g4 61.
Qe3 g3 62. Qh6+ Kg8 63. f3 Rd7 64. Bd2 Qb1+ 0-1

[Event "World Rapid 2019"]
[Site "Moscow RUS"]
[Date "2019.12.26"]
[Round "4.68"]
[White "Pigusov, Evgeny"]
[Black "Golubov, Saveliy"]
[Result "1/2-1/2"]
[WhiteTitle "GM"]
[BlackTitle "IM"]
[WhiteElo "2555"]
[BlackElo "2469"]
[WhiteFideId "4100514"]
[BlackFideId "24176729"]
[EventDate "2019.12.26"]
[EventType "rapid"]

1. Nf3 Nf6 2. c4 g6 3. g3 Bg7 4. Bg2 O-O 5. d4 d6 6. Nc3 Nc6 7. O-O Bd7 8. d5
Na5 9. b3 c5 10. dxc6 bxc6 11. Bf4 h6 12. Rc1 c5 13. Nd5 Nxd5 14. cxd5 Rc8 15.
h4 Qb6 16. Bd2 c4 17. Qe1 Nb7 18. bxc4 Qa6 19. Be3 Qxa2 20. Nd4 Nc5 21. Nc6 Bxc6
22. dxc6 Nb3 23. Rb1 Na5 24. Bxh6 Nxc6 25. Bxg7 Kxg7 26. Qc3+ Ne5 27. Bd5 e6 28.
f4 exd5 29. fxe5 Qxc4 30. Qxc4 Rxc4 31. exd6 Rc6 32. Rb7 Rxd6 1/2-1/2

[Event "World Rapid 2019"]
[Site "Moscow RUS"]
[Date "2019.12.26"]
[Round "4.69"]
[White "Christiansen, Johan-Sebastian"]
[Black "Zvjaginsev, Vadim"]
[Result "1/2-1/2"]
[WhiteTitle "GM"]
[BlackTitle "GM"]
[WhiteElo "2597"]
[BlackElo "2627"]
[WhiteFideId "1512668"]
[BlackFideId "4113403"]
[EventDate "2019.12.26"]
[EventType "rapid"]

1. Nf3 d6 2. e4 Nf6 3. Nc3 g6 4. d4 Bg7 5. Be3 a6 6. a4 Bg4 7. Be2 O-O 8. Qd2
Nc6 9. Rd1 e5 10. dxe5 dxe5 11. Qc1 Qe7 12. O-O Rad8 13. h3 Bxf3 14. Bxf3 Nd4
15. Bxd4 Rxd4 16. Rxd4 exd4 17. Nd5 Nxd5 18. exd5 Re8 19. Qd2 b6 20. Qd3 a5 21.
Qb5 Kf8 22. g3 Qd6 23. Kg2 h5 24. h4 Qc5 25. Qxc5+ bxc5 26. b3 Re5 27. Rd1 Ke7
28. Kf1 Kd6 1/2-1/2

[Event "World Rapid 2019"]
[Site "Moscow RUS"]
[Date "2019.12.26"]
[Round "4.70"]
[White "Iturrizaga Bonelli, Eduardo"]
[Black "Faizrakhmanov, Ramil"]
[Result "1-0"]
[WhiteTitle "GM"]
[BlackTitle "IM"]
[WhiteElo "2597"]
[BlackElo "2434"]
[WhiteFideId "3901211"]
[BlackFideId "24103209"]
[EventDate "2019.12.26"]
[EventType "rapid"]

1. c4 Nf6 2. g3 e6 3. Bg2 d5 4. Nf3 dxc4 5. Na3 Bxa3 6. bxa3 O-O 7. Bb2 Nc6 8.
Qa4 Re8 9. Qxc4 e5 10. O-O h6 11. d3 Rb8 12. Rac1 Be6 13. Qc2 Qd6 14. Rfd1 Bxa2
15. e4 Be6 16. d4 exd4 17. Nxd4 Nxd4 18. Rxd4 Qe7 19. e5 Ng4 20. Rb4 c5 21. Qxc5
Rbc8 22. Qxe7 Rxc1+ 23. Bxc1 Rxe7 24. Rxb7 Rxb7 25. Bxb7 Nxe5 26. Be3 Nc4 27.
Bc5 Nb6 28. Kf1 Bd7 29. Ke2 f6 30. Kd3 Kf7 31. Kd4 g5 32. Bd6 Ke6 33. Bb8 Bc8
34. Bf3 a6 35. Bc7 Nd7 36. Bd5+ Ke7 37. Kc4 f5 38. Bc6 Nf6 39. f3 Bd7 40. Bxd7
Kxd7 41. Be5 Ng8 42. Kc5 Ne7 43. Bg7 h5 44. Bf6 Ng6 45. Kd5 g4 46. f4 Ke8 1-0

[Event "World Rapid 2019"]
[Site "Moscow RUS"]
[Date "2019.12.26"]
[Round "4.71"]
[White "Pashikian, Arman"]
[Black "Lobanov, Sergei"]
[Result "0-1"]
[WhiteTitle "GM"]
[BlackTitle "IM"]
[WhiteElo "2605"]
[BlackElo "2504"]
[WhiteFideId "13301578"]
[BlackFideId "24183750"]
[EventDate "2019.12.26"]
[EventType "rapid"]

1. d4 Nf6 2. c4 g6 3. Nc3 d5 4. cxd5 Nxd5 5. e4 Nxc3 6. bxc3 Bg7 7. Nf3 O-O 8.
Be2 c5 9. Be3 Qa5 10. O-O Nd7 11. Qc2 b6 12. Bd2 Qa3 13. Bb5 Nf6 14. Rab1 Bb7
15. d5 a6 16. Be2 b5 17. c4 b4 18. Bc1 Qa5 19. a3 Bc8 20. axb4 cxb4 21. Bd2 Rb8
22. Ne5 Bd7 23. c5 Ba4 24. Qa2 Nxe4 25. Nc6 b3 26. Bxa5 bxa2 27. Rxb8 Rxb8 28.
Nxb8 Nxc5 29. Bb4 Ne4 30. Bxe7 Nd2 0-1

[Event "World Rapid 2019"]
[Site "Moscow RUS"]
[Date "2019.12.26"]
[Round "4.72"]
[White "Belov, Vladimir"]
[Black "Deviatkin, Andrei"]
[Result "1/2-1/2"]
[WhiteTitle "GM"]
[BlackTitle "GM"]
[WhiteElo "2598"]
[BlackElo "2436"]
[WhiteFideId "4132394"]
[BlackFideId "4121260"]
[EventDate "2019.12.26"]
[EventType "rapid"]

1. d4 d5 2. c4 e6 3. Nc3 Nf6 4. Nf3 Be7 5. Bg5 Nbd7 6. e3 O-O 7. Bd3 dxc4 8.
Bxc4 a6 9. a4 c5 10. O-O cxd4 11. Qxd4 h6 12. Bh4 Nb6 13. Be2 Qxd4 14. Nxd4 Nbd5
15. Nxd5 Nxd5 16. Bxe7 Nxe7 17. Rac1 e5 18. Nf3 1/2-1/2